|
|
|
|
| LEADER |
00000nam a2200000 a 4500 |
| 001 |
vtls001075672 |
| 003 |
SK-MaSNL |
| 005 |
20260301000652.0 |
| 008 |
250414s1994 xo slo |
| 015 |
|
|
|a SNBA1994/07
|
| 020 |
|
|
|a 8005008104
|
| 035 |
|
|
|a SNK000018505
|
| 035 |
|
|
|a urn:nbn:sk:snk-amlin8
|
| 035 |
|
|
|a urn:nbn:sk:snk-am00bpgt
|
| 035 |
|
|
|a 4500EDC8-4BCF-4E2A-90C7-5AB33F0C7237
|
| 040 |
|
|
|a SNK
|b slo
|c SNK
|e AACR2
|
| 041 |
0 |
|
|a slo
|
| 044 |
|
|
|a xo
|c SK
|
| 080 |
|
|
|a 744.4:663.916(075.3)
|2 1981
|
| 080 |
|
|
|a 663.916
|2 1981
|
| 100 |
1 |
|
|a Stejskalová, Jaroslava
|4 aut
|9 277211
|
| 245 |
1 |
0 |
|a Odborné kreslenie pre 1. a 2. ročník SOU - cukrár, cukrárka
|c Jaroslava Stejskalová, Karel Míšek ; Prel. Katarína Čerevková
|
| 250 |
|
|
|a 2. slov. vyd.
|
| 260 |
|
|
|a Bratislava
|b Alfa
|c 1994
|e Bratislava
|f Svornosť
|
| 300 |
|
|
|a 123 s., 17,12 AH, 17,27 VH
|b Fotogr., sch.
|c 29 cm
|
| 490 |
1 |
|
|a Edícia potravinárskej literatúry
|
| 500 |
|
|
|a Schválilo MŠM a Tv SR
|
| 655 |
|
7 |
|a učebnice
|2 SNK
|9 22521
|
| 700 |
1 |
|
|a Míšek, Karel,
|d 1915-2009
|4 aut
|9 204832
|
| 700 |
1 |
|
|a Čerevková, Katarína
|4 trl
|9 277212
|
| 852 |
|
|
|a Slovenská národná knižnica
|
| 919 |
|
|
|a 80-05-00810-4
|
| 954 |
|
|
|a kreslenie odborné
|a cukrárstvo
|
| 958 |
|
|
|a TL
|
| 958 |
|
|
|a UC
|
| 958 |
|
|
|a OP
|
| 958 |
|
|
|a CZ
|
| 958 |
|
|
|a NS
|
| 968 |
|
|
|b ČES
|d Z čes. orig.
|
| 999 |
|
|
|c 533200
|d 535130
|
| 952 |
|
|
|t P60, <04>, [BOOK], {604}
|a SNK
|b SNK
|y VYP
|7 0
|p 17A0080609
|o snkSB 52734 D1
|0 0
|1 0
|4 0
|d 1997-07-15
|l 0
|r 2004-12-31 00:00:00
|w 2026-02-23
|
| 952 |
|
|
|a SNK
|b SNK
|y PREZ
|7 0
|p 17A0905694
|o snkSB 52734
|0 0
|1 0
|4 0
|d 2012-07-17
|f 1
|l 0
|r 2025-03-18 00:00:00
|w 2026-02-23
|